Normal view
MARC view
- Roosa, Stephen
Entry Personal Name
001 - CONTROL NUMBER
- control field: 118019
003 - CONTROL NUMBER IDENTIFIER
- control field: NUST
005 - DATE AND TIME OF LATEST TRANSACTION
- control field: 20230919110446.0
008 - FIXED-LENGTH DATA ELEMENTS
- fixed length control field: 230919|| aca||aabn | a|a d
040 ## - CATALOGING SOURCE
- Original cataloging agency: NUST
- Transcribing agency: NUST
100 ## - HEADING--PERSONAL NAME
- Personal name: Roosa, Stephen
670 ## - SOURCE DATA FOUND
- Source citation: Work cat.: (NUST)599616: Roosa, Stephen , carbon reduction: policies, strategies and technologies /, 2019-09-27
